| 000 | 01221nam a2200265 a 4500 | ||
|---|---|---|---|
| 999 |
_c426837 _d426837 |
||
| 003 | BLK | ||
| 005 | 20250719102527.0 | ||
| 008 | 210805b bu |||||r|||| 00| | bu d | ||
| 020 | _a9786191953004 | ||
| 040 | _aBLK | ||
| 041 |
_aBUL _cBUL |
||
| 080 |
_aБългарска литература _b821.163.2 _x-94 _z821.163.2-94 |
||
| 100 |
_aКарадочева, Богдана Иванова _d1949 - _9351243 |
||
| 139 |
_aКарадочева, Богдана Иванова и др. _bК 30 |
||
| 245 |
_aБезнадежден случай _cБогдана Карадочева, Стефан Димитров ; под ред. на Георги Тошев |
||
| 260 |
_9214104 _aСофия _bКнигомания _c2021 _f(Костинброд : Мултипринт) _n978-619-195- ; 978-954-8432- ; 978-954-9817- ; 954-90578- |
||
| 300 |
_a240 с. _bс ил. _c24 см |
||
| 380 | _aX | ||
| 700 |
_9261053 _aДимитров, Стефан Михайлов _eсъавт. |
||
| 700 |
_9871 _aТошев, Георги Коцев _eпод ред. на |
||
| 852 |
_bП _c821.163.2-9/К 30 Б |
||
| 852 |
_aЦб 311834 _bЦб |
||
| 942 |
_cKNG _n0 _s1 _036 |
||
| 944 |
_aED _c2022-03-17 _k30545 _lНора Радева |
||